Śmierć, bale i skandale
| Titel: | Śmierć, bale i skandale / Marek Gaworski |
|---|---|
| Verfasser: | |
| Veröffentlicht: | 2017- |
| Umfang: | Strzelce Opolskie : Wydawnictwo MATIANG |
| Format: | Mehrteiliges Werk |
| Sprache: | Polnisch |
| Bände: |
alle Bände anzeigen
|
X
alg: 48834613 001A $03004:03-12-21 001B $03025:09-01-24 $t14:14:32.000 001D $03004:03-12-21 001U $0utf8 001X $00 002@ $0Acu 002C $aText $btxt $2rdacontent 002D $aohne Hilfsmittel zu benutzen $bn $2rdamedia 002E $aBand $bnc $2rdacarrier 003@ $0488346134 007A $0488346134 $aHEB 010@ $apol 010E $erda 011@ $a2017 $n2017- 021A $aŚmierć, bale i skandale $hMarek Gaworski 028A $BVerfasser $4aut $7132123614 $8Gaworski, Marek$Z1974- [Tp1] $9181445263 034D $aStrzelce Opolskie : Wydawnictwo MATIANG 044K $RPolen $RNiederschlesien $ROberschlesien $RNiederschlesien $ROberschlesien $#Schlesien $#Schlesien $#Herzogtum Schlesien $#Herzogtum Schlesien Schlesien $#Provinz Schlesien $#Śla̜sk $#Slezsko $#Silesia $74052678-1 $8Schlesien [Tg1] $9085146781 044K $RHerrschaftssystem $RAdel $#Aristocracy (Social class) $#Aristocracy (Political science) $#Aristocratie $#Aristocrazia $#Aristocracia $#Adel Herrschaft $74130286-2 $8Aristokratie [Ts1] $9085459941 044K $ROberschicht $RWeiblicher Adel $RAristokratie $#Nobility $#Noblesse $#Nobiltà $#Nobleza $#Adel $#Adel $#Junker $#Junkertum $#Adliger $#Adeliger $#Adlige $#Uradel $74000464-8 $8Adel [Ts1] $9084991682 045F $a306.0943809034 $eDDC23BSB 045F/01 $a306.09 045F/03 $f09034 045F/03 $f0904 045F/03 $g438 045F/03 $g4385 lok: 48834613 24 exp: 48834613 24 1 #EPN 201B/01 $009-12-21 $t13:05:55.000 201C/01 $003-12-21 201U/01 $0utf8 203@/01 $0117397993X 208@/01 $a03-12-21 $bda 209B/01 $aEinzelbestellung (050) $x09 220C/01 $ajwa/lop lok: 48834613 78 exp: 48834613 78 1 #EPN 201B/01 $009-12-21 $t22:17:42.000 201C/01 $009-12-21 203@/01 $01174452285 208@/01 $a09-12-21 $bdummy 201U/01 $0utf8
| LEADER | 00000cam a2200000 ca4500 | ||
|---|---|---|---|
| 001 | 488346134 | ||
| 003 | DE-603 | ||
| 005 | 20240109141432.0 | ||
| 007 | tu | ||
| 008 | 211203s2017 xx |||| | u00||u|pol c | ||
| 035 | |a (DE-599)HEB488346134 | ||
| 040 | |a DE-603 |b ger |c DE-603 |d DE-603 |e rda | ||
| 041 | |a pol | ||
| 082 | 0 | 4 | |8 1\u |a 306.0943809034 |q DE-101 |2 23/BSB |
| 085 | |8 1\u |b 306.09 | ||
| 085 | |8 1\u |z 1 |s 09034 | ||
| 085 | |8 1\u |z 1 |s 0904 | ||
| 085 | |8 1\u |z 2 |s 438 | ||
| 085 | |8 1\u |z 2 |s 4385 | ||
| 100 | 1 | |a Gaworski, Marek |d 1974- |e Verfasser |4 aut |0 (DE-603)181445263 |0 (DE-588)132123614 |2 gnd | |
| 245 | 0 | 0 | |a Śmierć, bale i skandale |c Marek Gaworski |
| 264 | 0 | |c 2017- | |
| 300 | |a Strzelce Opolskie : Wydawnictwo MATIANG | ||
| 336 | |a Text |b txt |2 rdacontent | ||
| 337 | |a ohne Hilfsmittel zu benutzen |b n |2 rdamedia | ||
| 338 | |a Band |b nc |2 rdacarrier | ||
| 650 | 7 | |a Aristokratie |0 (DE-588)4130286-2 |0 (DE-603)085459941 |2 gnd | |
| 650 | 7 | |a Adel |0 (DE-588)4000464-8 |0 (DE-603)084991682 |2 gnd | |
| 651 | 7 | |a Schlesien |0 (DE-588)4052678-1 |0 (DE-603)085146781 |2 gnd | |
| 924 | 0 | |9 603 |a (DE-603)117397993X |b DE-603 |c HES |d d | |
| 924 | 0 | |9 603 |a (DE-603)1174452285 |b DE-603 |c HES |d d | |


